A concise History of Economic Thought : (Record no. 16804)
[ view plain ]
| 000 -LEADER | |
|---|---|
| fixed length control field | 01027cam a22002414a 4500 |
| 001 - CONTROL NUMBER | |
| control field | 12811883 |
| 005 - DATE AND TIME OF LATEST TRANSACTION | |
| control field | 20061003093336.0 |
| 008 - FIXED-LENGTH DATA ELEMENTS--GENERAL INFORMATION | |
| fixed length control field | 020610s2003 nyua b 001 0 eng |
| 020 ## - INTERNATIONAL STANDARD BOOK NUMBER | |
| International Standard Book Number | 0333999363 (cloth) |
| 040 ## - CATALOGING SOURCE | |
| Original cataloging agency | DLC |
| Transcribing agency | DLC |
| Modifying agency | C#P |
| -- | DLC |
| 082 00 - DEWEY DECIMAL CLASSIFICATION NUMBER | |
| Classification number | 330.1 |
| Edition number | 21 |
| Item number | VAG |
| 100 1# - MAIN ENTRY--PERSONAL NAME | |
| Personal name | Vaggi, Gianni. |
| 9 (RLIN) | 30272 |
| 245 12 - TITLE STATEMENT | |
| Title | A concise History of Economic Thought : |
| Remainder of title | from Mercantilism to Monetarism / |
| Statement of responsibility, etc | Gianni Vaggi and Peter Groenewegen. |
| 260 ## - PUBLICATION, DISTRIBUTION, ETC. (IMPRINT) | |
| Place of publication, distribution, etc | New York : |
| Name of publisher, distributor, etc | Palgrave Macmillan, |
| Date of publication, distribution, etc | 2003. |
| 300 ## - PHYSICAL DESCRIPTION | |
| Extent | xvi, 339 p. : |
| Other physical details | ill. ; |
| Dimensions | 23 cm. |
| 504 ## - BIBLIOGRAPHY, ETC. NOTE | |
| Bibliography, etc | Includes bibliographical references (p. 327-330) and index. |
| 650 #0 - SUBJECT ADDED ENTRY--TOPICAL TERM | |
| Topical term or geographic name as entry element | Economics |
| General subdivision | History. |
| 9 (RLIN) | 30273 |
| 653 ## - INDEX TERM--UNCONTROLLED | |
| Resource For college | |
| Arrived date list | June2012 |
| 700 1# - ADDED ENTRY--PERSONAL NAME | |
| Personal name | Groenewegen, Peter D. |
| 9 (RLIN) | 30274 |
| 942 ## - ADDED ENTRY ELEMENTS (KOHA) | |
| Source of classification or shelving scheme | Dewey Decimal Classification |
| Item type | Book - Borrowing |
| Withdrawn status | Item status | Source of classification or shelving scheme | Damaged status | Not for loan | Vendor | Home library | Current library | Shelving location | Date acquired | Source of acquisition | Cost, normal purchase price | Serial Enumeration / chronology | Total Checkouts | Total Renewals | Full call number | Barcode | Date last seen | Date last borrowed | Koha item type |
|---|---|---|---|---|---|---|---|---|---|---|---|---|---|---|---|---|---|---|---|
| Dewey Decimal Classification | Baccah | Central Library | Central Library | First floor | 27/06/2012 | 231.00 | 15316 | 2 | 19 | 330.1 VAG | 000026894 | 15/07/2025 | 23/10/2022 | Book - Borrowing |